C'est Disney ? #3 - Statistiques

Statistiques générales
  • Ce quiz a été pris 2 301 fois
  • Le résultat moyen est 14 sur 16
Statistiques - réponses
Question Tuile Select % Correct
Ces films sont-ils des Classiques Disney ? Pocahontas Oui
98%
Ces films sont-ils des Classiques Disney ? Le Bossu de Notre-Dame Oui
97%
Ces films sont-ils des Classiques Disney ? Le Lorax Non
97%
Ces films sont-ils des Classiques Disney ? Hercule Oui
96%
Ces films sont-ils des Classiques Disney ? Le Grinch Non
96%
Ces films sont-ils des Classiques Disney ? Le Voyage de Chihiro Non
96%
Ces films sont-ils des Classiques Disney ? Shrek 3 Non
94%
Ces films sont-ils des Classiques Disney ? Comme des Bêtes 2 Non
92%
Ces films sont-ils des Classiques Disney ? 101 Dalmatiens 2 Oui
91%
Ces films sont-ils des Classiques Disney ? Ferdinand Non
90%
Ces films sont-ils des Classiques Disney ? Le Secret de la Petite Sirène Oui
88%
Ces films sont-ils des Classiques Disney ? Clochette et le Secret des Fées Oui
86%
Ces films sont-ils des Classiques Disney ? Rio Non
86%
Ces films sont-ils des Classiques Disney ? Le Sortilège de Cendrillon Oui
82%
Ces films sont-ils des Classiques Disney ? Chicken Little Oui
60%
Ces films sont-ils des Classiques Disney ? L'Étrange Noël de Monsieur Jack Non
52%
Aucun quiz correspondant
Distribution des résultats
% des personnes avec chaque résultat
Percentile par nombre de réponses
Votre historique - résultats
Vous n’avez pas pris ce quiz